| 000 | 00990nam a2200301Ia 4500 | ||
|---|---|---|---|
| 001 | Para_5806 | ||
| 003 | CHAP | ||
| 008 | 220125s1980 xx 000 0 und d | ||
| 010 | _a202642 | ||
| 040 | _cCHAP | ||
| 090 | _aPA TESIS 122 | ||
| 100 |
_aGómez Flores, Marco Antonio _949693 |
||
| 245 |
_aEl cultivo de la caña de azúcar y su perspectiva / _c por Marco Antonio Gómez Flores |
||
| 260 |
_aChapingo, Méx. : _b el autor |
||
| 300 | _a96 h. | ||
| 502 | _aTesis (Ing. Agr. Esp. en Parasitología Agrícola) -- UACh. Departamento Parasitología Agrícola | ||
| 650 |
_aCaña de azúcar _x enfermedades _918598 |
||
| 650 |
_aCaña de azúcar _x plagas _918636 |
||
| 650 |
_aCaña de azúcar _x Puebla _9167953 |
||
| 710 |
_aUACh. Departamento Parasitología Agrícola _9164025 |
||
| 901 | _aPA TESIS 122 | ||
| 902 | _aA | ||
| 905 | _a0000001980 0000000000 00 | ||
| 910 | _a1980 | ||
| 942 | _cPARA | ||
| 942 |
_cPARA _d1 |
||
| 999 |
_c202642 _d202642 |
||